000 01179nam a2200301Ia 4500
001 ebr10359305
003 CaPaEBR
006 m u
007 cr cn|||||||||
008 090723s2009 maua s 001 0 eng d
010 _z 2009933315
020 _z1598639951 (softcover : alk. paper)
020 _z9781598639957
040 _aCaPaEBR
_cCaPaEBR
035 _a(OCoLC)618016221
050 1 4 _aTR267
_b.W456 2010eb
100 1 _aWeinrebe, Steve.
245 1 0 _aIrreverent photo tools for digital photographers
_h[electronic resource] /
_cSteve Weinrebe.
260 _aBoston, MA :
_bCengage Learning,
_c2009.
300 _axiv, 285 p. :
_bill.
500 _aIncludes index.
533 _aElectronic reproduction.
_bPalo Alto, Calif. :
_cebrary,
_d2010.
_nAvailable via World Wide Web.
_nAccess may be limited to ebrary affiliated libraries.
650 0 _aDigital cameras
_xImplements.
650 0 _aPhotography
_xDigital techniques
_vHandbooks, manuals, etc.
655 7 _aElectronic books.
_2local
710 2 _aebrary, Inc.
856 4 0 _uhttp://site.ebrary.com/lib/rucke/Doc?id=10359305
_zAn electronic book accessible through the World Wide Web; click to view
999 _c104738
_d104738